| Tag |
First Indicator |
Second Indicator |
Subfields |
| LEADER |
00000cam a2200000 4500 |
| 001 |
in00000028595 |
| 005 |
20151007062743.0 |
| 008 |
800702s1943 mauaf 00010 eng d |
| 035 |
|
|
|a (OCoLC)06477524
|
| 035 |
|
|
|9 AAD5720AM
|
| 040 |
|
|
|a TXA
|c TXA
|d UtOrBLW
|
| 049 |
|
|
|a TXAM
|c [117876]
|
| 090 |
|
|
|a TR310
|b .J6 1943
|
| 092 |
|
|
|a 770
|b J68a, 1943
|
| 100 |
1 |
|
|a Johnson, Robert.
|
| 245 |
1 |
4 |
|a The art of retouching and improving negatives and prints /
|c by Robert Johnson.
|
| 250 |
|
|
|a 14th ed., rev. and enl.
|b by Arthur Hammond ...
|
| 264 |
|
1 |
|a Boston, Mass. :
|b American Photographic Publishing Co.,
|c 1943.
|
| 300 |
|
|
|a ix, 158 pages :
|b illustrations, plates. ;
|c 24 cm.
|
| 336 |
|
|
|a text
|b txt
|2 rdacontent
|
| 337 |
|
|
|a unmediated
|b n
|2 rdamedia
|
| 338 |
|
|
|a volume
|b nc
|2 rdacarrier
|
| 500 |
|
|
|a "Fourteenth (third American) edition, revised with additions, 1941."
|
| 650 |
|
0 |
|a Photography
|x Retouching.
|
| 700 |
1 |
|
|a Hammond, Arthur,
|d 1882-
|
| 999 |
|
|
|a MARS
|
| 999 |
f |
f |
|s 02b38c4a-2afa-3ed8-ab96-c28af0d0063f
|i be551c91-7077-3bde-9a9c-09bd451b63bc
|t 0
|
| 952 |
f |
f |
|p ric
|a Texas A&M University
|b Rellis Campus
|c Joint Library Facility
|d Remote Storage
|t 0
|e TR310 .J6 1943
|h Library of Congress classification
|i unmediated -- volume
|m A14801160119
|
| 998 |
f |
f |
|a TR310 .J6 1943
|t 0
|l Remote Storage
|